Fundamentals of Nursing / (Record no. 32514)

000 -LEADER
fixed length control field 00644nam a2200205 4500
008 - FIXED-LENGTH DATA ELEMENTS--GENERAL INFORMATION
fixed length control field 260611b |||||||| |||| 00| 0 eng d
020 ## - INTERNATIONAL STANDARD BOOK NUMBER
International Standard Book Number 9780323810340
050 ## - LIBRARY OF CONGRESS CALL NUMBER
Classification number RT41
Item number .P68 2023
100 ## - MAIN ENTRY--PERSONAL NAME
Personal name Potter Patricia A.
245 ## - TITLE STATEMENT
Title Fundamentals of Nursing /
Statement of responsibility, etc. Patricia A. Potter...[et al.].
250 ## - EDITION STATEMENT
Edition statement 11th ed.
260 ## - PUBLICATION, DISTRIBUTION, ETC. (IMPRINT)
Place of publication, distribution, etc. USA. :
Name of publisher, distributor, etc. Elsevier,
Date of publication, distribution, etc. 2023.
300 ## - PHYSICAL DESCRIPTION
Extent xvi, 1513p. :
Other physical details ill. ;
Dimensions 26cm.
504 ## - BIBLIOGRAPHY, ETC. NOTE
Bibliography, etc Includes Bibliography references and index
650 ## - SUBJECT ADDED ENTRY--TOPICAL TERM
Topical term or geographic name as entry element Nursing care.
700 ## - ADDED ENTRY--PERSONAL NAME
Personal name Perry Anne Griffin
700 ## - ADDED ENTRY--PERSONAL NAME
Personal name Stockert Patricia A.
700 ## - ADDED ENTRY--PERSONAL NAME
Personal name Hall Amy M.
942 ## - ADDED ENTRY ELEMENTS (KOHA)
Source of classification or shelving scheme
Classification part RT41 .P68 2023
Koha item type Hard Covered Materials
Holdings
Withdrawn status Lost status Source of classification or shelving scheme Damaged status Not for loan Home library Current library Shelving location Date acquired Source of acquisition Total Checkouts Full call number Barcode Date last seen Price effective from Koha item type
          MACHAKOS UNIVERSITY LIBRARY MACHAKOS UNIVERSITY LIBRARY Open shelf 04/06/2026 KNTCC   RT41 .P68 2023 40631 11/06/2026 11/06/2026 Hard Covered Materials
© Machakos University Library, Along The Highway, Machakos Wote Rd, Machakos, Kenya P.O. Box 136 - 90100 Machakos - Kenya

Tel: ( +254 ) 723 805829 OR Fax : 044-20353 OR Email: library@mksu.ac.ke